Historical sketches of the South Indian history. (Record no. 412204)

000 -LEADER
fixed length control field 00437cam a22001457a 4500
008 - FIXED-LENGTH DATA ELEMENTS--GENERAL INFORMATION
fixed length control field 180718b1980 xxu||||| |||| 00| 0 eng d
082 ## - DEWEY DECIMAL CLASSIFICATION NUMBER
Classification number A6x5406 W659/4
100 ## - MAIN ENTRY--PERSONAL NAME
Personal name Wilks, Mark
245 ## - TITLE STATEMENT
Title Historical sketches of the South Indian history.
Statement of responsibility, etc. by Mark Wilks and Murray Hammick
260 ## - PUBLICATION, DISTRIBUTION, ETC.
Place of publication, distribution, etc. New Delhi
Name of publisher, distributor, etc. Cosmo
Date of publication, distribution, etc. 1980
300 ## - PHYSICAL DESCRIPTION
Extent v4
500 ## - GENERAL NOTE
General note v4. xxiii, 336-817p
650 ## - SUBJECT ADDED ENTRY--TOPICAL TERM
Topical term or geographic name entry element Karnataka (India) -History.
700 ## - ADDED ENTRY--PERSONAL NAME
Personal name Hammick, Murray
Holdings
Withdrawn status Lost status Damaged status Not for loan Permanent Location Current Location Date acquired Full call number Barcode Date last seen Price effective from Koha item type
        Indian Institute of Public Administration Indian Institute of Public Administration 2009-02-04 A6x5406 W659/4 62704 2018-07-21 2018-07-21 Book
        Indian Institute of Public Administration Indian Institute of Public Administration 2009-02-04 A6x5406 W659/3 62703 2018-07-21 2018-07-21 Book
        Indian Institute of Public Administration Indian Institute of Public Administration 2009-02-04 A6x5406 W659/2 62702 2018-07-21 2018-07-21 Book

Powered by Koha